Every city in Andorra - Statistics

General Stats
  • This quiz has been taken 23 times
  • The average score is 4 of 15
Answer Stats
Population Answer % Correct
20,430 Andorra la Vella
89%
3,292 Canillo
56%
3,066 Ordino
44%
11,223 Encamp
33%
7,211 la Massana
33%
15,853 les Escaldes
33%
8,022 Sant Julià de Lòria
33%
1,419 Arinsal
11%
1,052 El Tarter
11%
594 l'Aldosa
11%
195 l'Aldosa de canillo
11%
155 La Margineda
0%
2,363 Pas de la Casa
0%
400 Puiol del Piu
0%
602 Soldeu
0%
No matching quizzes found
Score Distribution
Percent of People with Each Score
Percentile by Number Answered
Your Score History
You have not taken this quiz